Loading...
| Current Events | 1 | 10.00 | 0% | 600% | 0% |
| Fine Arts - Auditory | 3 | 10.00 | 0% | 200% | 367% |
| Fine Arts - Other | 4 | 5.00 | 0% | 125% | 150% |
| Fine Arts - Visual | 2 | 10.00 | 0% | 0% | 600% |
| Geography | 1 | 10.00 | 0% | 0% | 500% |
| History - American | 5 | 6.00 | 720% | 100% | 100% |
| History - European | 4 | 0.00 | 0% | 0% | 0% |
| History - Other | 2 | 15.00 | 0% | 300% | 550% |
| History - World | 2 | 5.00 | 0% | 0% | 300% |
| Literature - American | 3 | 13.33 | 2,400% | 0% | 400% |
| Literature - British | 2 | 15.00 | 3,600% | 0% | 300% |
| Literature - European | 1 | 10.00 | 0% | 600% | 0% |
| Literature - World | 2 | 10.00 | 1,250% | 300% | 0% |
| Mythology | 2 | 10.00 | 1,800% | 0% | 300% |
| Other Academic | 1 | 10.00 | 0% | 0% | 600% |
| Philosophy | 2 | 5.00 | 1,250% | 0% | 0% |
| Pop Culture | 1 | 10.00 | 0% | 500% | 0% |
| Religion | 4 | 7.50 | 2,150% | 0% | 0% |
| Science - Biology | 2 | 5.00 | 0% | 0% | 250% |
| Science - Chemistry | 3 | 13.33 | 1,200% | 400% | 200% |
| Science - Other | 8 | 10.00 | 1,213% | 75% | 300% |
| Science - Physics | 3 | 6.67 | 0% | 400% | 0% |
| Social Science | 2 | 10.00 | 0% | 250% | 300% |